[Event "Odorheiu Secuiesc"]
[Site "Odorheiu Secuiesc"]
[Date "1993.??.??"]
[Round "11"]
[White "Ribli, Zoltan"]
[Black "Ibragimov, Ildar"]
[Result "1/2-1/2"]
[WhiteElo "2620"]
[BlackElo "2540"]
[Annotator "Ribli,Z"]
[PlyCount "41"]
[EventDate "1993.05.??"]
[EventType "tourn"]
[EventRounds "11"]
[EventCountry "ROU"]
[EventCategory "12"]
[SourceTitle "CBM 036"]
[Source "ChessBase"]
[SourceDate "1993.10.01"]
[SourceVersion "1"]
[SourceVersionDate "1993.10.01"]
[SourceQuality "1"]

1. c4 e5 2. Nc3 Nc6 3. g3 g6 4. Bg2 Bg7 5. d3 d6 6. e4 f5 7. Nge2 Nf6 8. O-O
O-O 9. Nd5 (9. exf5 Bxf5 10. h3 Qd7 11. Kh2 Nb4 12. Ne4 Nxe4 13. dxe4 Be6 14.
b3 a6 $13 {Abramovic-Ilincic/Vrnjacka Banja/1992/54,28/}) 9... Be6 (9... Ne7 {
Balashov,Y-Dvoirys,S/EUCup/1991/CBM27/}) (9... h6 $6 $14 {Svensson,B-Bjerke,R/
Oslo-B/1992/EXP28/}) 10. Bg5 Qd7 11. Qd2 $5 (11. Rc1 {Serper,G-Ibragimov,I/
URS-chT/1991/CBM25/}) 11... Nh5 12. exf5 Bxf5 (12... gxf5 13. f4 $14) 13. Rae1
(13. b4 $5 e4 $6 14. dxe4 Bxa1 15. exf5 $44 (15. Rxa1 $5 $44)) 13... Rf7 (13...
Rae8 $5) 14. b4 Bh3 (14... Raf8 $5) 15. Bxh3 (15. b5 $5) 15... Qxh3 16. b5 Nd8
17. f4 $6 (17. Be3 $5) 17... Ne6 $2 (17... c6 $1 18. bxc6 bxc6 19. Ne7+ (19.
Ndc3 Ne6 $15) 19... Kh8 20. fxe5 dxe5 21. Rxf7 Nxf7 22. Nxc6 Qe6 $1 23. Nb4 (
23. Ned4 Qd7 $19) 23... Nxg5 24. Qxg5 Qb6+ $19) 18. fxe5 Raf8 19. Rxf7 Rxf7 20.
Bf6 $2 (20. exd6 $1 cxd6 (20... Nd4 $2 21. Nxd4 Bxd4+ 22. Be3 Nxg3 23. Qg2 $1
Qxg2+ 24. Kxg2 $18) 21. Be3 Be5 22. Ndf4 $1 Nexf4 23. Nxf4 Nxf4 24. gxf4 Qg4+
25. Qg2 Qxg2+ 26. Kxg2 Bxf4 27. Bxf4 Rxf4 28. Re6 Rd4 29. Re7 $1 $14) (20. Nf6+
$5) 20... dxe5 21. Bxg7 1/2-1/2

[Event "Hoogovens-B"]
[Site "Wijk aan Zee"]
[Date "1991.01.??"]
[Round "4"]
[White "Winants, Luc"]
[Black "Nijboer, Friso"]
[Result "1/2-1/2"]
[WhiteElo "2505"]
[BlackElo "2455"]
[Annotator "Ribli,Z"]
[PlyCount "121"]
[EventDate "1991.01.??"]
[EventType "tourn"]
[EventRounds "11"]
[EventCountry "NED"]
[EventCategory "9"]
[SourceTitle "CBM 022"]
[Source "ChessBase"]
[SourceDate "1991.06.01"]
[SourceVersion "1"]
[SourceVersionDate "1991.06.01"]
[SourceQuality "1"]

1. c4 g6 2. Nc3 Bg7 3. g3 e5 4. Bg2 Ne7 5. d3 d6 6. e4 Nbc6 7. Nge2 Nd4 8. Nxd4
exd4 9. Ne2 O-O (9... c5 $6 10. Nf4 Bd7 11. h4 h5 12. Bh3 Bxh3 13. Nxh3 Qd7 14.
Bd2 Nc6 15. f4 Qg4 16. Kf2 $14 {Hort-Zinn Leipzig 1973}) 10. O-O c6 11. Bd2 (
11. b4 $5 a5 12. b5 cxb5 13. cxb5 d5 14. Ba3 dxe4 15. Bxe4 $14 {Portisch,
L-Smyslov,V Monte Carlo 1968 5/51}) 11... h6 12. b4 Kh7 13. Nf4 Bd7 14. Rc1 Qc7
15. c5 Rae8 16. Re1 Be5 17. cxd6 Qxd6 18. Rc5 b6 19. Rc2 Rc8 20. Ne2 Be6 21.
Qc1 Bg7 22. Qb2 Bg4 23. Kh1 Rfd8 24. Ng1 Be6 25. Nf3 g5 26. Bc1 Ng6 27. Qa3 c5
28. bxc5 Rxc5 $1 29. Rxc5 Qxc5 30. Qxa7 Qc6 $1 31. Qa3 Ra8 32. Qb4 Ra4 33. Qb1
Rxa2 34. Bb2 Ra4 35. h3 Qb5 36. Ba1 Qxb1 37. Rxb1 Ne7 38. Ne1 Nc6 39. f4 gxf4
40. gxf4 b5 41. e5 Ne7 42. Nc2 Bf5 43. Rd1 Ng6 44. Bc6 Nxf4 45. Bxb5 Ra2 46.
Nb4 Ra8 47. Bc4 Ra4 48. Rf1 Bxh3 49. Rb1 Bxe5 50. Bxf7 Bg2+ 51. Kg1 Ba8 52. Be8
Ra7 53. Bc6 Rg7+ 54. Kf1 Nh3 55. Ke2 Bb7 56. Rc1 Nf4+ 57. Kf3 Bxc6+ 58. Rxc6 h5
59. Ke4 Ng6 60. Nd5 h4 61. Nf6+ {(Abgabezug; 3.13/2.59)} 1/2-1/2

[Event "Oslo Cup"]
[Site "Oslo"]
[Date "1991.??.??"]
[Round "8"]
[White "Gausel, Einar"]
[Black "Djurhuus, Rune"]
[Result "1/2-1/2"]
[WhiteElo "2425"]
[BlackElo "2400"]
[Annotator "Ribli,Z"]
[PlyCount "107"]
[EventDate "1991.03.??"]
[EventType "tourn"]
[EventRounds "9"]
[EventCountry "NOR"]
[EventCategory "9"]
[SourceTitle "CBM 023"]
[Source "ChessBase"]
[SourceDate "1991.08.01"]
[SourceVersion "1"]
[SourceVersionDate "1991.08.01"]
[SourceQuality "1"]

1. Nf3 Nf6 2. g3 g6 3. Bg2 Bg7 4. O-O O-O 5. c4 d6 6. Nc3 e5 7. d3 Nc6 8. Rb1
a5 9. a3 h6 10. b4 axb4 11. axb4 Be6 12. b5 Ne7 13. Bb2 Nh7 $2 (13... Qd7 $1)
14. Nd2 Rb8 15. Nd5 Nc8 16. Bc3 f5 17. Ba5 Rf7 18. Qb3 Bf8 19. f4 g5 20. fxe5
dxe5 21. Bc3 Bg7 22. Qb2 Ne7 23. Bxe5 Nxd5 24. cxd5 Bxd5 25. Bxg7 Bxg2 26. Kxg2
Rxg7 27. Rxf5 $16 Qd7 28. Rbf1 Ra8 29. Qb3+ Kh8 30. Ne4 Re8 31. Rf7 Qe6 32. Qc3
Qe5 33. Rxg7 Kxg7 34. Rc1 Qxc3 35. Rxc3 Re7 36. Kf2 Nf6 37. Nxf6 Kxf6 38. e4
Re5 39. Rxc7 Rxb5 40. h4 g4 41. Ke3 Rb1 42. h5 Rf1 43. Rxb7 Rf3+ 44. Ke2 Rxg3
45. Rb5 Rf3 46. d4 Rf4 47. e5+ Kf5 48. e6+ Kxe6 49. Ke3 Rf5 50. Rb6+ Kd5 51.
Rxh6 Rf3+ 52. Ke2 Kxd4 53. Rg6 Rh3 54. Rxg4+ 1/2-1/2

[Event "Hoogovens-B"]
[Site "Wijk aan Zee"]
[Date "1990.01.??"]
[Round "8"]
[White "Peelen, Piet"]
[Black "Fedorowicz, John P"]
[Result "0-1"]
[WhiteElo "2380"]
[BlackElo "2560"]
[Annotator "Ribli,Z"]
[PlyCount "80"]
[EventDate "1990.01.??"]
[EventType "tourn"]
[EventRounds "11"]
[EventCountry "NED"]
[EventCategory "9"]
[SourceTitle "CBM 017"]
[Source "ChessBase"]
[SourceDate "1990.08.01"]
[SourceVersion "1"]
[SourceVersionDate "1990.08.01"]
[SourceQuality "1"]

1. Nf3 Nf6 2. g3 g6 3. Bg2 Bg7 4. O-O O-O 5. c4 d6 6. Nc3 e5 7. d3 Nc6 8. Rb1
a5 9. a3 h6 10. b4 axb4 11. axb4 Re8 $5 12. e3 $5 {12.b5!?} Be6 13. b5 Ne7 14.
Qc2 Nd7 15. Nd2 Nc5 16. Nb3 Nxb3 17. Qxb3 Qc8 18. Nd5 Nxd5 19. cxd5 Bh3 20.
Bxh3 Qxh3 21. b6 $1 Rac8 22. Ba3 Bf8 23. Rfc1 cxb6 24. Qxb6 Rxc1+ 25. Rxc1 Ra8
26. Bb2 {26.Bxd6?, Ra6 -/+} Rc8 27. Qxb7 Rxc1+ 28. Bxc1 Qg4 29. Qb3 Qf3 30. e4
f5 31. Qc2 $2 {31.exf5, gxf5 32.Qc4, f4 33.gxf4 =} f4 32. Bb2 h5 $1 33. d4 h4
$1 34. gxh4 Qg4+ 35. Kf1 f3 36. Qd3 Bh6 37. Bc3 exd4 38. Bb4 {38.Bxd4, Qg2+ 39.
Ke1, Qg1+ 40.Qf1, Bd2+ -/+} Be3 $1 39. Ke1 Qg1+ 40. Qf1 Bxf2+ 0-1

[Event "Elgoibar 13th"]
[Site "Elgoibar"]
[Date "2003.12.09"]
[Round "7.5"]
[White "Paunovic, Dragan"]
[Black "Perez Garcia, Rodney Oscar"]
[Result "1-0"]
[WhiteElo "2504"]
[BlackElo "2449"]
[Annotator "Ribli,Z"]
[PlyCount "103"]
[EventDate "2003.11.03"]
[EventType "tourn"]
[EventRounds "9"]
[EventCountry "ESP"]
[EventCategory "9"]
[SourceTitle "CBM 099"]
[Source "ChessBase"]
[SourceDate "2004.03.30"]
[SourceVersion "1"]
[SourceVersionDate "2004.03.30"]
[SourceQuality "1"]

1. c4 e5 2. Nc3 d6 3. g3 g6 4. Bg2 Bg7 5. d3 Nf6 6. Nf3 O-O 7. O-O Nc6 {
Wir haben eine typische Stellung der Englischen Eröffnung vor uns - die
eigentlich die Geschlossene Variante der Sizilianische Verteidigung, aber mit
umgekehrten Farben ist.} 8. Rb1 a5 {Es ist notwendig für Schwarz so zu spielen,
damit er im folgenden die a-Linie kontrollieren kann.} 9. a3 h6 {Mit diesem
prophylaktischen Zug bereitet Schwarz 10...Be6 vor und verteidigt sich gegen
Ng5.} (9... Re8) (9... Nd4) 10. b4 axb4 11. axb4 Be6 12. b5 Ne7 13. Bb2 Qd7 {
[%cal Ge6h3,Gh3f1] Ein typischer Plan - Schwarz bereitet 14...Bh3 vor, um die
weißfarbigen Läufer zu tauschen.} 14. Ra1 (14. Re1) 14... Bh3 15. Qb3 (15. e4
Rxa1 16. Qxa1 Nh5 17. Ne1 Bxg2 18. Nxg2 f5 19. f3 c6 20. Qa7 d5 21. cxd5 cxd5
22. Qa2 {1-0 Vaganian,R-Volke,K/Germany 1997/GER-chT (52)}) 15... Bxg2 16. Kxg2
Nh5 (16... Qe6 {Dieser Zug kommt stark in Betracht, wonach Schwarz Nd7-Nc5
spielen kann.} 17. Nd2 (17. Rxa8 $5 Rxa8 18. Nd2 Nd7 19. Ra1 Rxa1 20. Bxa1 Nc5
21. Qa2 Qc8 22. Nde4 Nxe4 23. Nxe4 b6 24. Qa7 {1-0 Dzindzichashvili,R-Henao,R/
St.Martin 1991/EXT 97 (34)}) 17... Nd7 18. Rxa8 $5 (18. Ra3 Rab8 19. Rfa1 f5
20. Ra7 e4 $5 $132 21. dxe4 Nc5 22. Qc2 fxe4 23. Nd1 Bxb2 24. Qxb2 Nf5 25. Qc3
Rbe8 26. Nb3 Nd3 $5 $13 {1-0 Wahls,M-Cela,A/Las Vegas 1999/CBM 72/[Ribli] (41)}
) 18... Rxa8 19. Ra1 Rxa1 20. Bxa1 f5 21. Qa2 Kh7 22. Qa7 Nc5 23. Na4 Nxa4 24.
Qxa4 {1-0 Bezold,M-Apicella,M/Jerba 1998/EXT 2003 (46)}) 17. Rxa8 Rxa8 18. Ra1
$5 (18. h3 g5 19. Nh2 Nf5 20. e3 Nhxg3 21. fxg3 Nxe3+ 22. Kg1 Nxf1 23. Nxf1
Qxh3 {1/2-1/2 Milocco,F-Pernisco,E/Caorle 1984/EXT 2002 (37)}) 18... Rxa1 19.
Bxa1 c6 (19... Qg4 20. e3 Qf5 21. Ne4 Qe6 22. Nc3 Qf5 23. b6 cxb6 24. Ne4 {
1-0 Wessman,R-Southam,T/New York 1992/TD (37)}) 20. Bb2 Kh7 21. bxc6 bxc6 22.
Qb8 {[%csl Gb8] Das Eindringen der weißen Dame ist sehr unangenehm für Schwarz.
} c5 (22... f5 23. c5 $14) 23. Bc1 $14 {Das Material ist zwar reduziert, aber
Weiß hat die besseren Aussichten, weil der g7B passiv ist und Weiß das bessere
Figurenspiel hat.} (23. Nb5 $4 e4 $19 {[%cal Re4f3,Rg7b2]}) 23... f5 24. e4 {
[%csl Yd5]} (24. Nb5 e4 $132 (24... Nc8 $14)) 24... Nf6 25. Bd2 Qc6 (25... Nc6
26. Qb5 $14) 26. Qb1 $11 Qa6 27. Qc2 Qb7 28. Nd5 Nexd5 (28... Nfxd5 29. cxd5
$11 (29. exd5 g5 $15)) 29. cxd5 Qb5 30. Be3 {[%cal Gf3d2,Gd2c4][%mdl 32] Weiß
räumt d2 für den Springer - der weiße Plan besteht in Nd2-Nc4 mit
größtmöglicher Aktivität.} fxe4 (30... g5 $11) 31. dxe4 Nd7 32. Nd2 {[%cal
Gd2c4]} Nb6 33. Qb3 Qa6 $6 {Schwarz behält die Damen auf dem Brett, aber in
diesem Fall ist seine Verteidigung sehr schwer zu führen.} (33... Qxb3 34. Nxb3
Nc4 $11 (34... Kg8 35. Na5 $14 {[%cal Ga5c6]})) 34. h4 h5 35. Qd1 Bh6 (35...
Nc4 $5) 36. Bxh6 Kxh6 37. Nf3 $14 {[%csl Ye6,Yg5][%cal Gf3g5,Gg5e6] Der
Springer zielt auf das g5-Feld.} Nd7 38. Ng5 Nf6 39. Qb1 {[%cal Gb1b8,Gb8h8]}
Nh7 (39... Qa7 $14) 40. Ne6 $16 {[%cal Rb1c1,Rc1h6]} Qc8 41. Qc1+ g5 42. Nxg5 (
42. hxg5+ Kg6 43. f4 $18) 42... Kg6 (42... Nxg5 43. Qxg5+ Kh7 44. Qxh5+ $18)
43. Nxh7 Kxh7 44. Qg5 {[%mdl 4096] Weiß hat einen Bauern mehr im Damenendspiel
und die schwarze Königsstellung ist sehr schwach. Die einzige schwarze
Gegenchance ist der c-Freibauer.} c4 (44... Qe8 45. Qf6 $18) 45. Qxh5+ Kg8 46.
Qg5+ Kh8 (46... Kh7 47. Qe7+ $18) 47. Qh5+ Kg8 48. Qg6+ {[%cal Rg6d6,Rg6g8]}
Kh8 49. Qxd6 c3 50. Qxe5+ Kg8 51. d6 $18 {Der weiße d-Bauer entscheidet die
Partie.} c2 52. Qd5+ (52. Qd5+ Kg7 53. d7 Qd8 54. Qc6 $18) 1-0

[Event "EU-ch 5th"]
[Site "Antalya"]
[Date "2004.05.22"]
[Round "7"]
[White "Grunberg, Mihai Lucian"]
[Black "Nikolic, Predrag"]
[Result "0-1"]
[WhiteElo "2401"]
[BlackElo "2648"]
[Annotator "Ribli,Z"]
[PlyCount "122"]
[EventDate "2004.05.15"]
[EventType "swiss"]
[EventRounds "13"]
[EventCountry "TUR"]
[SourceTitle "CBM 101"]
[Source "ChessBase"]
[SourceDate "2004.07.27"]
[SourceVersion "1"]
[SourceVersionDate "2004.07.27"]
[SourceQuality "1"]

1. c4 e5 2. Nc3 Nc6 3. g3 g6 4. Bg2 Bg7 5. d3 f5 6. e4 {Mit diesem Zug
schwächt Weiß von selbst das d4-Feld, aber er verstärkt seine Kontrolle über
das d5-Feld und später kann er mit e4xf5 die Diagonale des g2-Läufers öffnen.}
d6 7. Nge2 Nf6 8. O-O O-O 9. h3 {Ein typischer Sicherungszug in solchen
Stellungen - Weiß möchte die Läuferentwicklung 10.Be3 vorbereiten und
verteidigt sich gegen Ng4.} Be6 {Das ist die ruhige Fortsetzung, aber das
Bauernopfer 9...f4!? kommt stark in Betracht.} (9... f4 $5 {Schwarz opfert -
zeitweilig - einen Bauern für aktives Spiel am Königsflügel.} 10. gxf4 Nh5 11.
f5 {Die beste Entscheidung für Weiß besteht darin den Bauern zurückzugeben.
Sonst bekommt Schwarz eine sehr gefährliche Initiative.} (11. fxe5 dxe5 12. Nd5
Qh4 13. f4 Bxh3 14. Qe1 Qg4 15. Ne3 Qd7 16. Bxh3 Qxh3 17. f5 Rad8 {0-1 Gelman,
A-Annakov,B/Moscow 1997/EXT 2000 (28)}) (11. Nd5 Qh4 12. f5 gxf5 13. Ng3 Nxg3
14. fxg3 Qxg3 15. Nxc7 Rb8 16. Qf3 Qh4 17. Be3 f4 {1/2-1/2 Balashov,Y-Dubinsky,
R/Moscow 1999/CBM 70 (17)}) 11... Qh4 {Der Damezug ist stark, aber die
einfache Zurücknahme des Bauern auf f5 kommt auch in Betracht.} 12. Qd2 h6 (
12... gxf5 13. Qg5 Qxg5 14. Bxg5 $11) 13. f3 {Weiß bereitet den
Verteidigungszug 14.Qe1 vor.} gxf5 14. Qe1 Qxe1 (14... Qe7 15. Nd5 Qf7 16. f4
$13) 15. Rxe1 $15 Nb4 {[%cal Rb4c2,Rc2a1,Rc2e1]} (15... Be6 16. Nd5 Rf7 $15 17.
Be3 $2 Bxd5 $1 18. cxd5 Nb4 $17 {[%cal Rb4c2,Rc2e3,Rc2a1,Rc2e1,Yb4d3]}) 16. Rd1
Nc2 17. Rb1 c6 18. Bd2 Be6 $6 (18... f4 $5 {Das wäre die konsequente
Fortsetzung des schwarzen Spiels mit Nb4.} 19. b4 Ne3 $36) 19. Rbc1 Nb4 (19...
Nd4 20. Nxd4 exd4 21. Ne2 $11) 20. Be1 Rf7 $2 {Ein schablonenhafter Zug, der
eigentlich einen Bauern verliert.} (20... Na6 $11) 21. exf5 $1 Rxf5 (21... Bxf5
22. Ne4 Bxe4 23. dxe4 $16 {[%cal Re1b4,Rd1d6]}) 22. Ne4 $16 {[%cal Re1b4,Re4d6]
1-0 Gurevich,M-Maiwald,J/Germany 2003/CBM 93/[Ribli] (35) Mit diesem
Springerzug gewinnt Weiß einen wichtigen Bauern.}) 10. exf5 gxf5 11. Bg5 Qd7
12. Kh2 Kh8 13. Qd2 Rae8 $11 {Wir haben eine dynamische Stellung, in der beide
Spieler ihre Reserven mobilisieren. Das d4-Feld ist eine potenzielle Schwäche
in der weißen Stellung, aber Weiß kann später - nach Vorbereitung - d3-d4
ziehen.} 14. b3 (14. Rae1 $11) 14... Ng8 $1 {Schwarz geht weg mit dem Springer,
so dass der g5B ein wenig überflüssig steht. Weiß muss mit der Variante 15...
f4 rechnen, wonach der g5B weit vom Hauptkriegschauplatz entfernt wäre..} 15.
Be3 {Weißs möchte entweder 16.f4 oder 16.d4 ziehen.} (15. Rae1 f4 16. gxf4 h6
17. Bh4 exf4 $15) (15. f4 Nge7 {[%cal Ge7g6]} 16. fxe5 dxe5 17. Rae1 $11) 15...
f4 $5 {[%mdl 4] Schwarz opfert einen Bauern und verschlechtert die weiße
Bauernstruktur.} 16. gxf4 Nd4 17. Bxd4 $6 (17. fxe5 Nxe2 18. Nxe2 Bxe5+ {
[%cal Re5a1,Re5h2]} 19. f4 Bxa1 20. Rxa1 Nf6 $15) (17. Rae1 Ne7 $44 {[%cal
Ge7f5,Ge7g6]}) 17... exd4 18. Ne4 Ne7 {[%csl Rf4][%cal Ge7g6,Gg6f4]} 19. c5 $6
{Weiß verliert das Geduld und möchte aktiv spielen. Aber dieser Zug hilft
Schwarz, er kann den e4-Springer mit 19...d5 verjagen.} (19. Rae1 Ng6 20. Ng5)
19... d5 20. Ng5 Bg8 21. Rae1 Ng6 22. Nf3 Rxe2 $1 {[%mdl 512] Schwarz
vernichtet den e2-Springer mit einem Qualitätsopfer und bekommt dafür ein
ausgezeichnetes Leichtfigurenspiel.} 23. Qxe2 Qf5 $44 {Nach diesem Damenzug
muss Weiß mit beiden Möglichkeiten - 24...Nxf4 oder 24...Qxf4 - rechnen.
Schwarz hat eine Qualität und einen Bauern weniger, aber die weißen Bauern 
(besonders c5P, d3P, f4P) sind alle schwach.} (23... Nxf4 24. Qe7 Qf5 $44) 24.
Ng1 Qxf4+ (24... Nxf4 25. Qf3 (25. Qg4 Qxg4 (25... Qxd3 26. Nf3 $132) 26. hxg4
Nxd3 27. Re2 Nxc5 $17) 25... Be5 $44) 25. Kh1 Ne5 (25... Qh6 $44) 26. Qd1 (26.
Rd1 $5 {[%cal Ge2d2,Gd2f4]}) 26... Be6 (26... Qf5 27. f4 Nxd3 28. Re7 Rf7 29.
Rxf7 Bxf7 $44) 27. Qc1 Qxc1 28. Rxc1 Nxd3 $17 {[%csl Gd3,Gd4,Gd5,Ge6,Gg7]
Schwarz hat schon einen Bauern für die Qualität und sein Läuferpaar und seine
potenziell sehr gefährlichen d-Bauern sind stark.} 29. Rc2 Nf4 (29... c6 $17)
30. Rcc1 d3 31. Rfd1 Bf5 (31... Bb2 32. Rb1 Bd4 $17 {[%cal Rd4c5,Rd4f2]}) 32.
c6 b6 (32... bxc6 33. Rxc6 Rf7 $17) 33. Bf3 Bb2 34. Rb1 Bc3 35. b4 d2 {[%csl
Gd2][%cal Rf5b1]} 36. Rb3 d4 $19 {[%cal Rf5c2,Rc2b3,Rc2d1]} 37. Ra3 Bc2 (37...
Nd3 38. Kg2 Ne1+ $19) 38. Rxa7 Rf7 {Schwarz verteidigt seinen c7-Bauern, aber
die Alternative 38...Nxh3! scheint mir einfacher.} (38... Nxh3 $1 39. Nxh3 Rxf3
40. Ra8+ Kg7 41. Rg1+ Kh6 $19) 39. Rf1 Bxb4 40. Ra8+ Kg7 41. Rd8 Bc5 42. Rd7 {
Auf diese Weise kann Weiß die Türme tauschen.} Kf6 43. Bd1 Be4+ (43... Bd3 44.
Rxf7+ Kxf7 45. Bb3+ Kf6 46. Rd1 Be4+ 47. Kh2 Bxc6 48. Rxd2 d3 $19) 44. Bf3 Bf5
45. Rxf7+ Kxf7 46. Rd1 Bb4 47. a3 Bc3 48. Kh2 Bc2 49. Rf1 d3 50. Bd1 Ke6 {
[%csl Ge6]} 51. Kg3 Kf5 52. Bg4+ Ke4 53. Bf3+ Ke5 54. Bd1 h6 55. Kg4 Ba5 56. h4
Ne2 $1 57. f4+ (57. Nxe2 Bxd1 58. Rxd1 dxe2 $19) 57... Nxf4 58. Nf3+ Ke4 59.
Ng5+ hxg5 60. Kxg5 Nh3+ 61. Kg6 Bxd1 0-1

[Event "Match/Nation FRA-BUL 31-41"]
[Site "St Maxime"]
[Date "1984.10.??"]
[Round "4"]
[White "Manouck, Thierry"]
[Black "Padevsky, Nikola Bochev"]
[Result "1-0"]
[WhiteElo "2345"]
[BlackElo "2460"]
[Annotator "Ribli,Z"]
[PlyCount "71"]
[EventDate "1984.10.10"]
[EventType "team-schev"]
[EventRounds "12"]
[EventCountry "FRA"]
[SourceTitle "EXT 2018"]
[Source "ChessBase"]
[SourceDate "2017.10.13"]
[SourceVersion "1"]
[SourceVersionDate "2017.10.13"]
[SourceQuality "1"]
[WhiteTeam "France"]
[BlackTeam "Bulgaria"]
[WhiteTeamCountry "FRA"]
[BlackTeamCountry "BUL"]

1. c4 e5 2. g3 Nc6 3. Bg2 g6 4. Nc3 Bg7 5. Rb1 a5 6. a3 d6 7. b4 axb4 8. axb4
Nf6 9. b5 (9. d3) 9... Ne7 10. Nf3 h6 11. d3 Be6 12. O-O O-O 13. Bb2 Qd7 14.
Re1 Bh3 15. Bh1 Ng4 {This knight move pinpoints the shortcomings of White's
strategy: the f2 square is extremely weak. Black's next move is ...f5, with
the idea of pushing on again, or perhaps breaking in the centre with ...e4.  
Of course, it is desirable for White to preserve the light-squared bishop, but
not at the cost of putting his kingside in jeopardy.} 16. d4 $6 Qf5 $6 (16...
Qe6 $142 {Hodgson,J (2550)-Tiviakov,S (2615) Cacak 1996 (1) 0-1}) 17. e4 Qe6 (
17... Qh5 18. dxe5 dxe5 19. Nd5 $1) 18. Nd5 Nxd5 19. cxd5 Qd7 20. Qb3 Kh7 21.
Bg2 Bxg2 22. Kxg2 f5 23. dxe5 fxe4 24. Rxe4 Qf5 25. Rbe1 Nxe5 26. Bxe5 Bxe5 27.
R1e2 Bf6 28. Rf4 Qd7 29. Re6 Qg7 30. h4 Rf7 31. b6 cxb6 32. Rxd6 Ra6 33. Re6
Ba1 34. Rxf7 Qxf7 35. d6 Bf6 36. Re7 1-0

[Event "Belgrade IKO"]
[Site "Belgrade"]
[Date "1992.??.??"]
[Round "5"]
[White "Abramovic, Bosko"]
[Black "Pavlovic, Milos"]
[Result "0-1"]
[WhiteElo "2505"]
[BlackElo "2450"]
[Annotator "Ribli,Z"]
[PlyCount "90"]
[EventDate "1992.07.??"]
[EventType "tourn"]
[EventRounds "13"]
[EventCountry "YUG"]
[EventCategory "10"]
[SourceTitle "CBM 031"]
[Source "ChessBase"]
[SourceDate "1992.12.01"]
[SourceVersion "1"]
[SourceVersionDate "1992.12.01"]
[SourceQuality "1"]

1. Nf3 Nf6 2. g3 g6 3. Bg2 Bg7 4. O-O O-O 5. c4 d6 6. Nc3 e5 7. d3 Nc6 8. Rb1
a5 9. a3 Re8 $5 (9... h6 $5) 10. Bg5 (10. e4 Be6 11. b4 axb4 12. axb4 Qc8 13.
b5 Ne7 $13 {Mali,S-Pavasovic,D Bled op 1992 CBM/29}) 10... h6 11. Bxf6 Bxf6 12.
b4 axb4 13. axb4 Bg7 $5 (13... Nd4 $6 14. Nd2 Bg7 15. b5 $14) 14. e3 $5 (14. b5
Ne7 15. Nd2 $2 e4 $1 16. Qc2 e3 17. fxe3 Nf5 18. Nd1 h5 $15 {Vaganian,
R-Lautier,J Manila izt 1990 CBM/19 49/39}) 14... Ne7 15. Nd2 c6 16. Nb3 h5 17.
Ra1 Rb8 18. Qd2 d5 19. cxd5 cxd5 20. d4 e4 21. Nc5 Nf5 22. Qa2 b6 23. Na6 Ra8
24. b5 Be6 $13 25. Rfc1 h4 $36 26. Qe2 hxg3 27. hxg3 Rc8 28. Nb4 Qg5 29. Nc6 (
29. Nbxd5 Bxd5 30. Nxd5 Nxg3 $15) (29. Na4 $2 Rxc1+ 30. Rxc1 Nxd4 $17) 29...
Nh6 30. Na4 Bg4 31. Qf1 Ra8 32. Nxb6 Rxa1 33. Rxa1 Qh5 34. Ra2 (34. Nb4 Be2 35.
Qe1 Bf3 36. N6xd5 Ng4 $19) 34... Bf6 35. Nb4 Be6 36. Qe2 Bg4 37. N6xd5 Bg5 38.
Qf1 Kg7 $1 39. Nf4 Bxf4 40. gxf4 Rh8 41. d5 Ng8 42. Qa1+ Nf6 43. f3 exf3 44.
Bf1 Qh1+ 45. Kf2 Re8 0-1